Chronologie de l'UNESCO: faits et évenements dans l' histoire de l' Organisation accompagnés de références aux sources documentaires aux archives de l' Unesco avec, en complément, éléments pertnets d' information en annexes no. 1-21

Salvato in:
Dettagli Bibliografici
Ente Autore: Naciones Unidas
Natura: testo
Pubblicazione: París: UNESCO
Tags: Aggiungi Tag
Nessun Tag, puoi essere il primo ad aggiungerne!!

MARC

LEADER 00000 a a2200000 04500
001 24526
003
040
090 |a 176100  
110 |a Naciones Unidas  
245 |a Chronologie de l'UNESCO: faits et évenements dans l' histoire de l' Organisation accompagnés de références aux sources documentaires aux archives de l' Unesco avec, en complément, éléments pertnets d' information en annexes no. 1-21  
260 |a París:   |b UNESCO  
300 |a 145 p  
999 |c 12299  |d 12299